| 000 | 00359nam a2200133Ia 4500 | ||
|---|---|---|---|
| 005 | 20260328104251.0 | ||
| 008 | 260328s9999||||xx |||||||||||||| ||und|| | ||
| 100 | _aSarnitz, August | ||
| 245 | 0 |
_aOtto Wagner : _b 1841-1918 Precursor de la Arquitectura Moderna / _cAugust Sarnitz |
|
| 260 | _bTaschen | ||
| 300 | _a96 p. | ||
| 650 | _aARQUITECTOS | ||
| 942 | _cBK | ||
| 999 |
_c10248 _d10248 |
||